[Event "Perm op 06-B"]
[Site "Perm"]
[Date "2007.06.27"]
[Round "7"]
[White "Kovin, Egor"]
[Black "Kurochkina, Elena"]
[Result "1/2-1/2"]
[WhiteElo "1829"]
[BlackElo "1748"]
[PlyCount "21"]
[EventDate "2007.06.20"]
[EventType "swiss"]
[EventRounds "8"]
[EventCountry "RUS"]
[SourceTitle "EXT 2022"]
[Source "ChessBase"]
[SourceDate "2021.10.06"]
[SourceVersion "1"]
[SourceVersionDate "2021.10.06"]
[SourceQuality "1"]

1. d4 d5 2. c4 c6 3. Nc3 Nf6 4. Nf3 e6 5. e3 Nbd7 6. Bd3 dxc4 7. Bxc4 Be7 8. 0-0 0-0 9. e4 b5 10. Bd3 b4 11. Ne2 1/2-1/2

[Event "Perm op 06-B"]
[Site "Perm"]
[Date "2007.06.21"]
[Round "2"]
[White "Kovin, Egor"]
[Black "Kuianov, Ilia"]
[Result "1/2-1/2"]
[WhiteElo "1829"]
[BlackElo "1753"]
[PlyCount "64"]
[EventDate "2007.06.20"]
[EventType "swiss"]
[EventRounds "8"]
[EventCountry "RUS"]
[SourceTitle "EXT 2022"]
[Source "ChessBase"]
[SourceDate "2021.10.06"]
[SourceVersion "1"]
[SourceVersionDate "2021.10.06"]
[SourceQuality "1"]

1. d4 Nf6 2. c4 e6 3. Nf3 b6 4. a3 Ba6 5. e3 Bb7 6. Nc3 d5 7. cxd5 Nxd5 8. Be2 c5 9. Nxd5 Bxd5 10. dxc5 Bxc5 11. 0-0 0-0 12. b4 Be7 13. Bb2 Nd7 14. Ba6 Nb8 15. Bb5 Bf6 16. Bxf6 Qxf6 17. Rc1 Rd8 18. Qe2 a6 19. Bc4 Bxf3 20. Qxf3 Qxf3 21. gxf3 Nd7 22. Rfd1 Ne5 23. Rxd8+ Rxd8 24. Bxa6 Nxf3+ 25. Kg2 Ne5 26. Kg3 h6 27. f4 Nd7 28. Rd1 Kf8 29. Bb5 Ke7 30. Bxd7 Rxd7 31. Rxd7+ Kxd7 32. e4 b5 1/2-1/2

[Event "Perm op 01-A"]
[Site "Perm"]
[Date "2007.01.11"]
[Round "6"]
[White "Kovin, Egor"]
[Black "Shalynykh, Viktor"]
[Result "0-1"]
[WhiteElo "1833"]
[BlackElo "2058"]
[PlyCount "138"]
[EventDate "2007.01.05"]
[EventType "swiss"]
[EventRounds "9"]
[EventCountry "RUS"]
[SourceTitle "EXT 2008"]
[Source "ChessBase"]
[SourceDate "2007.11.25"]
[SourceVersion "1"]
[SourceVersionDate "2007.11.25"]
[SourceQuality "1"]

1. d4 Nf6 2. c4 b6 3. Nc3 Bb7 4. f3 d6 5. e4 Nbd7 6. Bd3 e5 7. d5 a5 8. Nge2 Nc5 9. Bc2 c6 10. 0-0 Be7 11. Ng3 0-0 12. Nf5 cxd5 13. cxd5 Ba6 14. Rf2 b5 15. Qd2 Nh5 16. Nxe7+ Qxe7 17. a3 Nf4 18. b4 axb4 19. axb4 Nd7 20. Ne2 g5 21. Ng3 Nb6 22. Nf5 Qf6 23. Kh1 h6 24. Qe3 Nc4 25. Qb3 Bb7 26. Rxa8 Rxa8 27. Bb2 Kh7 28. Ne3 Nxb2 29. Qxb2 Qd8 30. Rf1 Qb6 31. Nd1 Rc8 32. Bb3 Nd3 33. Qd2 Qd4 34. Nf2 Rc3 35. Nxd3 Rxd3 36. Qc2 Rc3 37. Qa2 Qxb4 38. Rb1 Qc5 39. Qb2 Kg6 40. Bd1 Bc8 41. h3 Bd7 42. Kh2 h5 43. Qb4 Rc4 44. Qb2 b4 45. Qb3 Rd4 46. Qb2 Qc3 47. Qxc3 bxc3 48. Rc1 Rc4 49. g4 Rc5 50. Kg3 h4+ 51. Kf2 Bb5 52. Be2 Ba4 53. Ke1 Kf6 54. Bd1 Bd7 55. Be2 Ke7 56. Bd3 Kd8 57. Bc2 Bb5 58. Ra1 Rc7 59. Ra8+ Rc8 60. Ra7 Be8 61. Rb7 Rc4 62. Ke2 Rd4 63. Ke1 Rd2 64. Rb8+ Ke7 65. Rb7+ Kf8 66. Bd1 Rh2 67. Rc7 Rh1+ 68. Ke2 Bb5+ 69. Kf2 Rxd1 0-1

[Event "Perm AVGRT op"]
[Site "Perm"]
[Date "2006.08.11"]
[Round "9"]
[White "Klepikov, Nikita"]
[Black "Kovin, Egor"]
[Result "0-1"]
[WhiteElo "1973"]
[BlackElo "1827"]
[PlyCount "46"]
[EventDate "2006.08.03"]
[EventType "swiss"]
[EventRounds "9"]
[EventCountry "RUS"]
[SourceTitle "EXT 2008"]
[Source "ChessBase"]
[SourceDate "2007.11.25"]
[SourceVersion "1"]
[SourceVersionDate "2007.11.25"]
[SourceQuality "1"]

1. e4 c5 2. Nf3 Nc6 3. d4 cxd4 4. Nxd4 Qb6 5. c3 a6 6. b3 e5 7. Nxc6 bxc6 8. Bb2 Nf6 9. Nd2 Bc5 10. Qe2 Qc7 11. 0-0-0 a5 12. a4 d6 13. Nc4 Rb8 14. Qc2 0-0 15. f3 Be6 16. g4 d5 17. exd5 cxd5 18. Nd2 Be3 19. c4 Rfc8 20. Ba3 dxc4 21. Bxc4 Bxc4 22. Qxc4 Qxc4+ 23. bxc4 Rxc4# 0-1